000 00662nmm a2200229Ia 4500
008 251105s9999||||xx |||||||||||||||||und||
041 _aspa
100 _aRoth, Alvin E.
245 0 _aDiseño de mercados
264 _a[México D.C., Mexico] :
_bFondo de Cultura Económica,
_c2016
300 _a200 páginas
490 _aBreviarios
650 _aEconomics and Business
700 _aRoth, Alvin E.
700 1 _a Bolton, Gary E.
700 1 _a Klemperer, Paul
700 1 _a Azanza, Karina
700 1 _a Franco González, María Teresa
700 1 _a McDougall, Brian
856 _uhttps://public.digitaliapublishing.com/a/64215
942 _cCF
999 _c70778
_d70778